NÁZORY ŽIAKOV NA PREVENTÍVNY PROGRAM CESTA K EMOCIONÁLNEJ ZRELOSTI V ŠKOLSKOM ROKU 2009/2010

Bibliographic Details
Main Author: Slovíková, Martina (Author)
Format: Article
Language:Slovak

MARC

LEADER 00000nab a2200000uu 4500
001 vtls010902842
003 SK-MaSNL
005 20260303142337.0
008 230222|2011 xo |||||||||||||||||slo|
015 |a SNBRB 
035 |a (urnnbn)urn:nbn:sk:snk:ar-a07pkr 
035 |a (uuid)e4cd2d0c-2c39-4cce-9be2-abf2b92cad7e 
035 |a urn:nbn:sk:snk-ab8u0g 
040 |a SNKBUCL  |b slo  |c SNKBUCL  |e AACR2 
041 0 |a slo 
044 |a xo  |c SK 
100 1 |a Slovíková, Martina  |4 aut  |9 313838 
245 1 0 |a NÁZORY ŽIAKOV NA PREVENTÍVNY PROGRAM CESTA K EMOCIONÁLNEJ ZRELOSTI V ŠKOLSKOM ROKU 2009/2010  |c Martina Slovíková 
773 0 |t Prevencia : informačný bulletin zameraný na prevenciu sociálno-patologických javov v rezorte školstva  |g Roč. 10, č. 1 (2011), s. 27-34 
954 |a odborná, vedecká literatúra pôvodná (slovenská)  |2 lita 
958 |a OND 
958 |a EUIPO 
958 |a article10 
999 |c 1982176  |d 1984106